[Event "U14 Polish Youth Championship"]
[Site "chess24.com"]
[Date "2018.05.05"]
[Round "9"]
[White "Czopor, Maciej"]
[Black "Gorkiewicz, Mateusz"]
[Result "1/2-1/2"]
[Board "1"]
[WhiteElo "2153"]
[WhiteCountry "POL"]
[WhiteFideId "21805431"]
[WhiteEloChange "-7"]
[BlackElo "1854"]
[BlackCountry "POL"]
[BlackFideId "21807299"]
[BlackEloChange "7"]

1. e4 {[%clk 1:30:58]} e5 {[%clk 1:30:50]} 2. Nf3 {[%clk 1:31:24]} Nf6 {[%clk
1:31:15]} 3. Nxe5 {[%clk 1:31:41]} d6 {[%clk 1:31:40]} 4. Nf3 {[%clk 1:32:03]}
Nxe4 {[%clk 1:32:03]} 5. d4 {[%clk 1:32:16]} d5 {[%clk 1:32:27]} 6. Bd3 {[%clk
1:32:32]} Bd6 {[%clk 1:32:50]} 7. O-O {[%clk 1:32:45]} O-O {[%clk 1:33:13]} 8. c4
{[%clk 1:32:49]} c6 {[%clk 1:33:36]} 9. Nc3 {[%clk 1:32:18]} Nxc3 {[%clk
1:33:54]} 10. bxc3 {[%clk 1:32:42]} dxc4 {[%clk 1:34:19]} 11. Bxc4 {[%clk
1:32:56]} Bg4 {[%clk 1:34:42]} 12. h3 {[%clk 1:30:05]} Bh5 {[%clk 1:34:44]} 13.
Be2 {[%clk 1:24:36]} Nd7 {[%clk 1:32:12]} 14. Re1 {[%clk 1:19:57]} Re8 {[%clk
1:29:00]} 15. Nd2 {[%clk 1:13:45]} Bxe2 {[%clk 1:27:10]} 16. Rxe2 {[%clk
1:12:10]} Nf6 {[%clk 1:22:19]} 17. c4 {[%clk 1:07:34]} Qd7 {[%clk 1:18:37]} 18.
Bb2 {[%clk 1:05:16]} Qf5 {[%clk 1:11:07]} 19. Nf3 {[%clk 0:59:34]} Rxe2 {[%clk
1:07:07]} 20. Qxe2 {[%clk 1:00:03]} Re8 {[%clk 1:07:17]} 21. Qd2 {[%clk 0:59:15]}
h6 {[%clk 0:59:44]} 22. Re1 {[%clk 0:57:21]} Rxe1+ {[%clk 0:57:57]} 23. Nxe1
{[%clk 0:55:28]} Qb1 {[%clk 0:55:26]} 24. Bc1 {[%clk 0:41:20]} Bb4 {[%clk
0:51:14]} 25. Qc2 {[%clk 0:41:41]} Qxc2 {[%clk 0:48:36]} 26. Nxc2 {[%clk
0:40:43]} Be7 {[%clk 0:44:21]} 27. Ba3 {[%clk 0:36:01]} Bxa3 {[%clk 0:43:07]} 28.
Nxa3 {[%clk 0:36:29]} Ne4 {[%clk 0:41:59]} 29. Nb1 {[%clk 0:36:31]} Kf8 {[%clk
0:39:35]} 30. f3 {[%clk 0:36:30]} Nd6 {[%clk 0:39:07]} 31. Nd2 {[%clk 0:36:19]}
1/2-1/2

[Event "U14 Polish Youth Championship"]
[Site "chess24.com"]
[Date "2018.05.05"]
[Round "9"]
[White "Oglaza, Oskar"]
[Black "Redzisz, Michal"]
[Result "1-0"]
[Board "2"]
[WhiteElo "2237"]
[WhiteCountry "POL"]
[WhiteFideId "1194402"]
[WhiteEloChange "3"]
[BlackElo "1950"]
[BlackCountry "POL"]
[BlackFideId "21816107"]
[BlackEloChange "-3"]

1. c4 {[%clk 1:30:49]} e6 {[%clk 1:30:55]} 2. d4 {[%clk 1:30:07]} Nf6 {[%clk
1:31:18]} 3. Nc3 {[%clk 1:29:42]} Bb4 {[%clk 1:31:44]} 4. Qc2 {[%clk 1:30:08]} d5
{[%clk 1:32:04]} 5. cxd5 {[%clk 1:30:33]} exd5 {[%clk 1:32:29]} 6. Bg5 {[%clk
1:30:42]} h6 {[%clk 1:32:06]} 7. Bh4 {[%clk 1:30:48]} O-O {[%clk 1:30:33]} 8. e3
{[%clk 1:30:38]} c6 {[%clk 1:29:11]} 9. Bd3 {[%clk 1:30:27]} Be6 {[%clk 1:29:03]}
10. Ne2 {[%clk 1:30:10]} Nbd7 {[%clk 1:29:14]} 11. O-O {[%clk 1:29:29]} Rc8
{[%clk 1:24:36]} 12. f4 {[%clk 1:27:21]} Nb6 {[%clk 1:23:03]} 13. f5 {[%clk
1:25:41]} Bd7 {[%clk 1:23:29]} 14. Nf4 {[%clk 1:25:56]} Be7 {[%clk 1:22:43]} 15.
Rf3 {[%clk 1:23:47]} Re8 {[%clk 1:21:38]} 16. Rg3 {[%clk 1:20:12]} Kh8 {[%clk
1:18:23]} 17. Rf1 {[%clk 1:19:34]} Rc7 {[%clk 1:14:57]} 18. Qf2 {[%clk 1:14:23]}
Bc8 {[%clk 1:13:08]} 19. Qf3 {[%clk 1:04:51]} Ne4 {[%clk 1:12:53]} 20. Bxe7
{[%clk 1:04:47]} Rcxe7 {[%clk 1:12:59]} 21. Bxe4 {[%clk 1:05:11]} dxe4 {[%clk
1:13:25]} 22. Qh5 {[%clk 1:05:35]} Nd7 {[%clk 1:13:03]} 23. Qg4 {[%clk 1:04:27]}
Rg8 {[%clk 1:13:16]} 24. Nh5 {[%clk 1:01:39]} f6 {[%clk 1:13:30]} 25. Nxe4 {[%clk
1:01:37]} Qe8 {[%clk 1:12:57]} 26. Nd6 {[%clk 1:01:37]} Qf8 {[%clk 1:13:15]} 27.
Nf4 {[%clk 1:01:57]} Qd8 {[%clk 1:13:22]} 28. Ng6+ {[%clk 1:02:22]} Kh7 {[%clk
1:13:50]} 29. Nxc8 {[%clk 1:02:45]} Ree8 {[%clk 1:13:59]} 30. Nd6 {[%clk
1:03:11]} Ref8 {[%clk 1:14:16]} 31. Nxf8+ {[%clk 1:03:25]} Qxf8 {[%clk 1:14:41]}
32. Qg6+ {[%clk 1:03:48]} Kh8 {[%clk 1:15:07]} 33. Nf7+ {[%clk 1:04:14]} 1-0

[Event "U14 Polish Youth Championship"]
[Site "chess24.com"]
[Date "2018.05.05"]
[Round "9"]
[White "Luczak, Filip"]
[Black "Baum, Jonasz"]
[Result "1/2-1/2"]
[Board "3"]
[WhiteElo "2126"]
[WhiteTitle "CM"]
[WhiteCountry "POL"]
[WhiteFideId "1193686"]
[BlackElo "2121"]
[BlackCountry "POL"]
[BlackFideId "1195360"]

1. d4 {[%clk 1:31:24]} d5 {[%clk 1:31:15]} 2. c4 {[%clk 1:31:49]} e6 {[%clk
1:31:40]} 3. Nc3 {[%clk 1:32:14]} a6 {[%clk 1:31:47]} 4. cxd5 {[%clk 1:30:57]}
exd5 {[%clk 1:32:14]} 5. Nf3 {[%clk 1:30:02]} Nf6 {[%clk 1:32:37]} 6. Bg5 {[%clk
1:29:49]} Be6 {[%clk 1:32:55]} 7. e3 {[%clk 1:28:50]} Nbd7 {[%clk 1:33:16]} 8.
Bd3 {[%clk 1:27:32]} h6 {[%clk 1:33:27]} 9. Bh4 {[%clk 1:27:21]} g5 {[%clk
1:32:57]} 10. Bg3 {[%clk 1:27:50]} Nh5 {[%clk 1:33:13]} 11. Qc2 {[%clk 1:27:23]}
Nxg3 {[%clk 1:33:34]} 12. hxg3 {[%clk 1:27:47]} Bg7 {[%clk 1:32:46]} 13. Bf5
{[%clk 1:24:51]} Qf6 {[%clk 1:32:51]} 14. g4 {[%clk 1:23:56]} O-O-O {[%clk
1:33:11]} 15. O-O-O {[%clk 1:21:54]} Kb8 {[%clk 1:33:31]} 16. Kb1 {[%clk
1:20:08]} c6 {[%clk 1:32:15]} 17. Ne2 {[%clk 1:14:49]} Bf8 {[%clk 1:22:26]} 18.
Ng3 {[%clk 1:02:06]} Bd6 {[%clk 1:22:37]} 19. Nh5 {[%clk 1:02:17]} Qe7 {[%clk
1:22:52]} 20. Rde1 {[%clk 0:52:11]} Nf6 {[%clk 0:59:35]} 21. Nxf6 {[%clk
0:51:28]} Qxf6 {[%clk 1:00:00]} 22. Rh5 {[%clk 0:51:02]} Rde8 {[%clk 0:56:55]}
23. g3 {[%clk 0:48:50]} Bc8 {[%clk 0:50:03]} 24. Reh1 {[%clk 0:46:10]} Re4 {[%clk
0:26:30]} 25. Nxg5 {[%clk 0:30:29]} Rxg4 {[%clk 0:24:08]} 26. Nh3 {[%clk
0:24:01]} Rg5 {[%clk 0:13:38]} 27. Bxc8 {[%clk 0:16:22]} Rxh5 {[%clk 0:13:50]}
28. Bg4 {[%clk 0:16:40]} Qg5 {[%clk 0:11:08]} 29. Bxh5 {[%clk 0:07:30]} Qxh5
{[%clk 0:11:34]} 30. Qd1 {[%clk 0:05:41]} Qf5+ {[%clk 0:11:21]} 31. Qc2 {[%clk
0:04:49]} 1/2-1/2

[Event "U14 Polish Youth Championship"]
[Site "chess24.com"]
[Date "2018.05.05"]
[Round "9"]
[White "Fiedorek, Michal"]
[Black "Oleksy, Krzysztof"]
[Result "1/2-1/2"]
[Board "4"]
[WhiteElo "2081"]
[WhiteCountry "POL"]
[WhiteFideId "1199528"]
[WhiteEloChange "-7"]
[BlackElo "1746"]
[BlackCountry "POL"]
[BlackFideId "1194879"]
[BlackEloChange "7"]

1. e4 {[%clk 1:30:57]} c5 {[%clk 1:30:58]} 2. Nf3 {[%clk 1:31:20]} Nc6 {[%clk
1:31:24]} 3. Bb5 {[%clk 1:31:44]} d6 {[%clk 1:30:37]} 4. Bxc6+ {[%clk 1:31:55]}
bxc6 {[%clk 1:31:01]} 5. O-O {[%clk 1:31:25]} e5 {[%clk 1:26:51]} 6. d3 {[%clk
1:30:40]} Be7 {[%clk 1:26:33]} 7. Nc3 {[%clk 1:18:56]} Rb8 {[%clk 1:23:32]} 8. h3
{[%clk 1:16:44]} Be6 {[%clk 1:17:46]} 9. b3 {[%clk 1:14:38]} h6 {[%clk 1:17:30]}
10. Ne1 {[%clk 1:12:20]} Bf6 {[%clk 1:15:11]} 11. Ne2 {[%clk 1:08:21]} Ne7 {[%clk
1:13:49]} 12. Bb2 {[%clk 1:04:35]} Ng6 {[%clk 1:11:21]} 13. Bc1 {[%clk 0:53:22]}
Nf4 {[%clk 1:00:41]} 14. Nxf4 {[%clk 0:44:47]} exf4 {[%clk 1:01:03]} 15. Rb1
{[%clk 0:44:57]} g5 {[%clk 0:59:29]} 16. c4 {[%clk 0:28:13]} h5 {[%clk 0:52:30]}
17. Nc2 {[%clk 0:26:01]} f3 {[%clk 0:39:55]} 18. Qxf3 {[%clk 0:20:19]} g4 {[%clk
0:40:12]} 19. Qd1 {[%clk 0:20:12]} gxh3 {[%clk 0:39:49]} 20. g3 {[%clk 0:19:52]}
Rg8 {[%clk 0:26:29]} 21. Kh2 {[%clk 0:19:31]} h4 {[%clk 0:26:02]} 22. Bf4 {[%clk
0:19:11]} Bg4 {[%clk 0:22:36]} 23. Qd2 {[%clk 0:18:52]} Be5 {[%clk 0:22:06]} 24.
d4 {[%clk 0:16:35]} Bxf4 {[%clk 0:20:02]} 25. Qxf4 {[%clk 0:16:42]} Be2 {[%clk
0:19:44]} 26. Rfe1 {[%clk 0:15:25]} Bd3 {[%clk 0:18:39]} 27. Rbc1 {[%clk
0:15:12]} Bxc2 {[%clk 0:17:05]} 28. Rxc2 {[%clk 0:15:36]} cxd4 {[%clk 0:17:29]}
29. e5 {[%clk 0:15:00]} Qg5 {[%clk 0:12:32]} 30. exd6+ {[%clk 0:14:09]} Kf8
{[%clk 0:12:08]} 31. Qxg5 {[%clk 0:11:08]} Rxg5 {[%clk 0:12:30]} 32. gxh4 {[%clk
0:11:18]} Rh5 {[%clk 0:12:08]} 33. Kxh3 {[%clk 0:07:53]} c5 {[%clk 0:11:49]} 34.
Kg4 {[%clk 0:07:58]} Rh6 {[%clk 0:12:00]} 35. Re5 {[%clk 0:07:38]} Rxd6 {[%clk
0:11:22]} 36. Rxc5 {[%clk 0:07:40]} Re8 {[%clk 0:11:12]} 37. Rd2 {[%clk 0:04:48]}
Re4+ {[%clk 0:10:40]} 38. Kg3 {[%clk 0:03:17]} d3 {[%clk 0:09:53]} 39. Rd5 {[%clk
0:03:03]} Rxd5 {[%clk 0:10:17]} 40. cxd5 {[%clk 0:03:28]} Rd4 {[%clk 0:10:35]}
41. Kf3 {[%clk 0:02:17]} Rxd5 {[%clk 0:10:41]} 42. Ke3 {[%clk 0:01:50]} Rh5
{[%clk 0:10:53]} 43. Rxd3 {[%clk 0:01:38]} Rxh4 {[%clk 0:11:18]} 44. Rd7 {[%clk
0:01:50]} a5 {[%clk 0:11:12]} 45. Ra7 {[%clk 0:02:08]} Rh5 {[%clk 0:11:30]} 46.
f4 {[%clk 0:01:45]} Rb5 {[%clk 0:10:27]} 47. Kd4 {[%clk 0:01:15]} Ke8 {[%clk
0:09:20]} 48. Ke4 {[%clk 0:00:55]} Kf8 {[%clk 0:08:38]} 49. Rd7 {[%clk 0:00:45]}
Ke8 {[%clk 0:05:27]} 50. Rd5 {[%clk 0:00:46]} Rb4+ {[%clk 0:05:38]} 51. Rd4
{[%clk 0:00:58]} Rb5 {[%clk 0:06:00]} 52. Rd5 {[%clk 0:00:48]} Rb4+ {[%clk
0:06:22]} 53. Rd4 {[%clk 0:00:37]} Rb5 {[%clk 0:06:34]} 54. f5 {[%clk 0:00:57]}
Ke7 {[%clk 0:05:00]} 55. Kf4 {[%clk 0:00:52]} f6 {[%clk 0:05:03]} 56. Re4+ {[%clk
0:01:13]} Kf7 {[%clk 0:05:26]} 57. Kg4 {[%clk 0:01:11]} Rc5 {[%clk 0:05:01]} 58.
Rc4 {[%clk 0:01:07]} Rb5 {[%clk 0:05:11]} 59. Rc7+ {[%clk 0:01:26]} Kf8 {[%clk
0:05:22]} 60. Ra7 {[%clk 0:01:21]} Rc5 {[%clk 0:05:27]} 61. Rb7 {[%clk 0:01:20]}
Rd5 {[%clk 0:05:10]} 62. a3 {[%clk 0:01:04]} a4 {[%clk 0:04:53]} 63. bxa4 {[%clk
0:00:39]} Ra5 {[%clk 0:04:04]} 64. Rb4 {[%clk 0:00:48]} Ke7 {[%clk 0:03:57]} 65.
Re4+ {[%clk 0:00:59]} Kf7 {[%clk 0:04:20]} 66. Rb4 {[%clk 0:00:42]} Ke7 {[%clk
0:04:41]} 67. Kf4 {[%clk 0:01:03]} Kf7 {[%clk 0:04:19]} 68. Re4 {[%clk 0:00:59]}
Kf8 {[%clk 0:04:10]} 69. Kg4 {[%clk 0:01:24]} Kf7 {[%clk 0:04:33]} 70. Rf4 {[%clk
0:01:49]} Kg7 {[%clk 0:03:48]} 71. Kh5 {[%clk 0:01:59]} Rd5 {[%clk 0:03:10]} 72.
Rf3 {[%clk 0:01:40]} Ra5 {[%clk 0:03:09]} 1/2-1/2

[Event "U14 Polish Youth Championship"]
[Site "chess24.com"]
[Date "2018.05.05"]
[Round "9"]
[White "Grzesik, Gracjan"]
[Black "Czernek, Tymon"]
[Result "1-0"]
[Board "5"]
[WhiteElo "1884"]
[WhiteCountry "POL"]
[WhiteFideId "1194593"]
[WhiteEloChange "15"]
[BlackElo "2057"]
[BlackCountry "POL"]
[BlackFideId "1199510"]
[BlackEloChange "-15"]

1. c4 {[%clk 1:30:30]} e5 {[%clk 1:30:54]} 2. Nc3 {[%clk 1:30:48]} Nf6 {[%clk
1:31:19]} 3. g3 {[%clk 1:30:57]} c6 {[%clk 1:31:44]} 4. Nf3 {[%clk 1:31:01]} e4
{[%clk 1:32:09]} 5. Nd4 {[%clk 1:30:34]} d5 {[%clk 1:32:28]} 6. cxd5 {[%clk
1:30:54]} Bc5 {[%clk 1:32:28]} 7. Nb3 {[%clk 1:28:17]} Bb6 {[%clk 1:32:53]} 8.
Bg2 {[%clk 1:19:23]} cxd5 {[%clk 1:33:13]} 9. O-O {[%clk 1:18:50]} O-O {[%clk
1:33:38]} 10. d3 {[%clk 1:17:15]} e3 {[%clk 1:34:03]} 11. fxe3 {[%clk 1:16:05]}
Re8 {[%clk 1:33:56]} 12. d4 {[%clk 1:11:35]} Nc6 {[%clk 1:34:15]} 13. Kh1 {[%clk
1:07:29]} Be6 {[%clk 1:32:35]} 14. Bd2 {[%clk 1:02:07]} Ng4 {[%clk 1:27:39]} 15.
e4 {[%clk 0:49:41]} dxe4 {[%clk 1:22:22]} 16. e3 {[%clk 0:48:10]} Nf6 {[%clk
1:05:20]} 17. Nc1 {[%clk 0:44:32]} Bc4 {[%clk 0:56:59]} 18. Rf2 {[%clk 0:40:19]}
Bxd4 {[%clk 0:51:50]} 19. exd4 {[%clk 0:39:39]} e3 {[%clk 0:51:59]} 20. Bxe3
{[%clk 0:36:32]} Rxe3 {[%clk 0:52:24]} 21. Nb3 {[%clk 0:30:49]} Qe7 {[%clk
0:45:49]} 22. Nd2 {[%clk 0:27:06]} Ba6 {[%clk 0:37:08]} 23. Nf1 {[%clk 0:23:36]}
Rd3 {[%clk 0:35:33]} 24. Rd2 {[%clk 0:21:56]} Rxd2 {[%clk 0:34:48]} 25. Qxd2
{[%clk 0:22:01]} Rd8 {[%clk 0:34:15]} 26. Re1 {[%clk 0:19:07]} Qd6 {[%clk
0:32:57]} 27. a3 {[%clk 0:11:42]} Qxd4 {[%clk 0:32:01]} 28. Qxd4 {[%clk 0:11:34]}
Nxd4 {[%clk 0:32:25]} 29. h3 {[%clk 0:09:20]} Nf5 {[%clk 0:30:25]} 30. Kh2 {[%clk
0:08:24]} h6 {[%clk 0:30:07]} 31. Ne4 {[%clk 0:05:24]} Nxe4 {[%clk 0:28:06]} 32.
Rxe4 {[%clk 0:04:27]} Bxf1 {[%clk 0:28:20]} 33. Bxf1 {[%clk 0:04:46]} Rd2+ {[%clk
0:28:27]} 34. Re2 {[%clk 0:04:27]} Rxe2+ {[%clk 0:28:46]} 35. Bxe2 {[%clk
0:04:51]} Kf8 {[%clk 0:28:43]} 36. Kg2 {[%clk 0:05:00]} Ke7 {[%clk 0:28:24]} 37.
Bd3 {[%clk 0:04:46]} Nd4 {[%clk 0:27:12]} 38. Kf2 {[%clk 0:05:00]} Kd6 {[%clk
0:27:37]} 39. Ke3 {[%clk 0:05:13]} Ke5 {[%clk 0:28:01]} 40. b4 {[%clk 0:04:06]}
f5 {[%clk 0:27:53]} 41. h4 {[%clk 0:03:42]} g5 {[%clk 0:28:07]} 42. hxg5 {[%clk
0:03:55]} hxg5 {[%clk 0:28:07]} 43. a4 {[%clk 0:03:58]} Nc6 {[%clk 0:25:31]} 44.
b5 {[%clk 0:04:00]} Nb4 {[%clk 0:25:50]} 45. Be2 {[%clk 0:03:08]} Nd5+ {[%clk
0:25:45]} 46. Kd3 {[%clk 0:02:00]} f4 {[%clk 0:25:37]} 47. g4 {[%clk 0:01:52]} b6
{[%clk 0:25:05]} 48. Bf3 {[%clk 0:01:43]} Ne7 {[%clk 0:24:13]} 49. Kc4 {[%clk
0:01:46]} Ng6 {[%clk 0:23:10]} 50. Bd1 {[%clk 0:00:53]} Nf8 {[%clk 0:22:29]} 51.
Bf3 {[%clk 0:01:06]} Ne6 {[%clk 0:22:48]} 52. Bg2 {[%clk 0:00:41]} Nd4 {[%clk
0:22:47]} 53. Kd3 {[%clk 0:00:46]} f3 {[%clk 0:20:30]} 54. Bh1 {[%clk 0:00:37]}
Kf4 {[%clk 0:19:42]} 55. Kxd4 {[%clk 0:00:33]} Kg3 {[%clk 0:17:01]} 56. Ke3
{[%clk 0:00:25]} f2 {[%clk 0:17:25]} 57. Ke2 {[%clk 0:00:29]} Kxg4 {[%clk
0:14:00]} 58. Kxf2 {[%clk 0:00:47]} Kh3 {[%clk 0:12:46]} 59. Bc6 {[%clk 0:01:01]}
Kg4 {[%clk 0:12:21]} 60. Kg2 {[%clk 0:00:58]} Kh4 {[%clk 0:12:45]} 61. Bd7 {[%clk
0:01:18]} g4 {[%clk 0:12:43]} 62. Bc8 {[%clk 0:01:42]} 1-0

[Event "U14 Polish Youth Championship"]
[Site "chess24.com"]
[Date "2018.05.05"]
[Round "9"]
[White "Niedbala, Bartlomiej"]
[Black "Turski, Bartlomiej"]
[Result "1/2-1/2"]
[Board "6"]
[WhiteElo "1956"]
[WhiteCountry "POL"]
[WhiteFideId "21834008"]
[WhiteEloChange "-3"]
[BlackElo "1830"]
[BlackCountry "POL"]
[BlackFideId "21810567"]
[BlackEloChange "3"]

1. d4 {[%clk 1:30:52]} Nf6 {[%clk 1:30:49]} 2. c4 {[%clk 1:31:16]} g6 {[%clk
1:31:05]} 3. Nc3 {[%clk 1:31:39]} Bg7 {[%clk 1:31:27]} 4. e4 {[%clk 1:32:04]} d6
{[%clk 1:31:48]} 5. h3 {[%clk 1:32:31]} O-O {[%clk 1:31:52]} 6. Bd3 {[%clk
1:32:41]} e5 {[%clk 1:31:06]} 7. d5 {[%clk 1:33:03]} Nbd7 {[%clk 1:30:53]} 8. g4
{[%clk 1:32:40]} Nc5 {[%clk 1:30:21]} 9. Bc2 {[%clk 1:33:01]} a5 {[%clk 1:30:38]}
10. Nge2 {[%clk 1:33:23]} Bd7 {[%clk 1:25:21]} 11. Ng3 {[%clk 1:33:16]} Ne8
{[%clk 1:22:04]} 12. Be3 {[%clk 1:33:22]} Na6 {[%clk 1:17:55]} 13. Qd2 {[%clk
1:29:06]} Rb8 {[%clk 1:14:53]} 14. O-O-O {[%clk 1:27:27]} c6 {[%clk 1:12:15]} 15.
f3 {[%clk 1:17:23]} Nb4 {[%clk 1:08:07]} 16. h4 {[%clk 1:14:16]} cxd5 {[%clk
1:05:14]} 17. cxd5 {[%clk 0:56:00]} b5 {[%clk 1:01:56]} 18. Bd3 {[%clk 0:55:34]}
Nxd3+ {[%clk 0:59:51]} 19. Qxd3 {[%clk 0:56:02]} b4 {[%clk 0:59:57]} 20. Nce2
{[%clk 0:56:20]} h6 {[%clk 0:53:36]} 21. Kb1 {[%clk 0:56:31]} Kh7 {[%clk
0:52:27]} 22. Qd2 {[%clk 0:56:47]} Nc7 {[%clk 0:51:18]} 23. Rc1 {[%clk 0:50:41]}
Nb5 {[%clk 0:49:51]} 24. h5 {[%clk 0:35:06]} g5 {[%clk 0:48:12]} 25. Nf5 {[%clk
0:33:14]} Bxf5 {[%clk 0:47:33]} 26. exf5 {[%clk 0:33:27]} e4 {[%clk 0:40:01]} 27.
Nd4 {[%clk 0:27:44]} Qf6 {[%clk 0:34:03]} 28. Nxb5 {[%clk 0:26:03]} Rxb5 {[%clk
0:33:31]} 29. fxe4 {[%clk 0:26:17]} Qe5 {[%clk 0:33:18]} 30. Rc4 {[%clk 0:26:41]}
Rc8 {[%clk 0:27:28]} 31. Rhc1 {[%clk 0:25:45]} 1/2-1/2

[Event "U14 Polish Youth Championship"]
[Site "chess24.com"]
[Date "2018.05.05"]
[Round "9"]
[White "Wysocki, Mateusz"]
[Black "Poltorak, Sebastian"]
[Result "1/2-1/2"]
[Board "7"]
[WhiteElo "1626"]
[WhiteCountry "POL"]
[WhiteFideId "21810621"]
[WhiteEloChange "2"]
[BlackElo "1705"]
[BlackCountry "POL"]
[BlackFideId "1199498"]
[BlackEloChange "-2"]

1. e4 {[%clk 1:30:57]} c6 {[%clk 1:30:55]} 2. d4 {[%clk 1:31:20]} d5 {[%clk
1:31:22]} 3. Nc3 {[%clk 1:31:37]} dxe4 {[%clk 1:31:48]} 4. Nxe4 {[%clk 1:31:52]}
Bf5 {[%clk 1:32:13]} 5. Ng3 {[%clk 1:32:15]} Bg6 {[%clk 1:32:39]} 6. Nf3 {[%clk
1:32:40]} Nd7 {[%clk 1:33:02]} 7. Bd3 {[%clk 1:31:54]} e6 {[%clk 1:33:14]} 8. O-O
{[%clk 1:31:30]} Qc7 {[%clk 1:30:08]} 9. c4 {[%clk 1:29:15]} Ngf6 {[%clk
1:28:36]} 10. b3 {[%clk 1:28:18]} Be7 {[%clk 1:26:50]} 11. Bb2 {[%clk 1:27:13]}
O-O-O {[%clk 1:23:02]} 12. Bxg6 {[%clk 1:21:57]} hxg6 {[%clk 1:23:22]} 13. Qe2
{[%clk 1:22:17]} Rde8 {[%clk 1:12:19]} 14. Ne5 {[%clk 1:15:52]} Nxe5 {[%clk
1:12:23]} 15. dxe5 {[%clk 1:16:04]} Nd7 {[%clk 1:11:22]} 16. Rad1 {[%clk
1:15:02]} Rd8 {[%clk 1:08:36]} 17. h3 {[%clk 1:06:01]} g5 {[%clk 1:05:44]} 18.
Rfe1 {[%clk 1:02:21]} Bb4 {[%clk 0:59:30]} 19. Rf1 {[%clk 1:02:00]} Be7 {[%clk
0:56:33]} 20. Rfe1 {[%clk 1:01:47]} Bb4 {[%clk 0:56:48]} 21. Rf1 {[%clk 1:02:09]}
Be7 {[%clk 0:53:24]} 22. a3 {[%clk 0:48:32]} Rh4 {[%clk 0:52:59]} 23. Rd4 {[%clk
0:37:49]} Rxd4 {[%clk 0:50:31]} 24. Bxd4 {[%clk 0:38:14]} c5 {[%clk 0:50:15]} 25.
Bb2 {[%clk 0:35:53]} Qc6 {[%clk 0:43:27]} 26. Rd1 {[%clk 0:34:36]} Nf8 {[%clk
0:42:56]} 27. Rxd8+ {[%clk 0:33:58]} Kxd8 {[%clk 0:40:40]} 28. Qd3+ {[%clk
0:34:15]} Kc7 {[%clk 0:40:47]} 29. Ne4 {[%clk 0:31:38]} Ng6 {[%clk 0:32:18]} 30.
g3 {[%clk 0:30:46]} Qd7 {[%clk 0:25:35]} 31. Qxd7+ {[%clk 0:30:37]} Kxd7 {[%clk
0:25:58]} 32. Kf1 {[%clk 0:30:45]} Nf8 {[%clk 0:24:42]} 33. Ke2 {[%clk 0:28:42]}
Nh7 {[%clk 0:23:33]} 34. f4 {[%clk 0:28:30]} gxf4 {[%clk 0:22:09]} 35. gxf4
{[%clk 0:28:49]} 1/2-1/2

[Event "U14 Polish Youth Championship"]
[Site "chess24.com"]
[Date "2018.05.05"]
[Round "9"]
[White "Oborski, Artur"]
[Black "Paprocki, Stanislaw"]
[Result "0-1"]
[Board "8"]
[WhiteElo "1921"]
[WhiteCountry "POL"]
[WhiteFideId "21844810"]
[WhiteEloChange "-15"]
[BlackElo "1748"]
[BlackCountry "POL"]
[BlackFideId "21817294"]
[BlackEloChange "15"]

1. d4 {[%clk 1:30:58]} Nf6 {[%clk 1:30:39]} 2. c4 {[%clk 1:31:19]} g6 {[%clk
1:30:37]} 3. Nc3 {[%clk 1:31:39]} d5 {[%clk 1:30:28]} 4. Nf3 {[%clk 1:31:59]} Bg7
{[%clk 1:30:43]} 5. Qb3 {[%clk 1:32:21]} e6 {[%clk 1:29:53]} 6. Bg5 {[%clk
1:31:29]} c6 {[%clk 1:29:23]} 7. e3 {[%clk 1:23:18]} O-O {[%clk 1:27:00]} 8. Be2
{[%clk 1:23:17]} Nbd7 {[%clk 1:23:52]} 9. O-O {[%clk 1:23:19]} Re8 {[%clk
1:22:14]} 10. Rad1 {[%clk 1:14:47]} h6 {[%clk 1:16:58]} 11. Bh4 {[%clk 1:14:55]}
Bf8 {[%clk 1:15:40]} 12. Rfe1 {[%clk 1:11:02]} dxc4 {[%clk 1:12:02]} 13. Bxc4
{[%clk 1:10:09]} Nb6 {[%clk 1:10:16]} 14. Bd3 {[%clk 1:03:18]} g5 {[%clk
1:03:13]} 15. Bg3 {[%clk 1:03:01]} Nfd5 {[%clk 1:02:55]} 16. e4 {[%clk 1:01:17]}
Nb4 {[%clk 1:01:53]} 17. Bb1 {[%clk 0:55:26]} a5 {[%clk 1:01:13]} 18. Na4 {[%clk
0:54:42]} Nxa4 {[%clk 0:59:22]} 19. Qxa4 {[%clk 0:54:57]} f5 {[%clk 0:54:37]} 20.
exf5 {[%clk 0:50:08]} exf5 {[%clk 0:54:45]} 21. Qb3+ {[%clk 0:50:09]} Nd5 {[%clk
0:54:34]} 22. Be5 {[%clk 0:49:39]} Bb4 {[%clk 0:51:05]} 23. Nd2 {[%clk 0:45:29]}
g4 {[%clk 0:46:31]} 24. h3 {[%clk 0:44:23]} Qg5 {[%clk 0:44:46]} 25. f4 {[%clk
0:35:51]} Qh4 {[%clk 0:36:06]} 26. g3 {[%clk 0:32:11]} Qxh3 {[%clk 0:30:16]} 27.
a3 {[%clk 0:31:51]} a4 {[%clk 0:29:52]} 28. Qd3 {[%clk 0:31:39]} Bf8 {[%clk
0:30:07]} 29. Re2 {[%clk 0:31:18]} Qh5 {[%clk 0:26:29]} 30. Ba2 {[%clk 0:26:23]}
Be6 {[%clk 0:24:12]} 31. Bb1 {[%clk 0:21:23]} b5 {[%clk 0:21:51]} 32. Rde1 {[%clk
0:20:39]} Qg6 {[%clk 0:20:25]} 33. Qc2 {[%clk 0:20:09]} Rac8 {[%clk 0:19:38]} 34.
Kg2 {[%clk 0:17:33]} Qh5 {[%clk 0:16:55]} 35. Rh1 {[%clk 0:17:54]} Qg6 {[%clk
0:15:52]} 36. Rhe1 {[%clk 0:17:58]} Nb6 {[%clk 0:14:27]} 37. Kg1 {[%clk 0:17:48]}
c5 {[%clk 0:11:16]} 0-1

[Event "U14 Polish Youth Championship"]
[Site "chess24.com"]
[Date "2018.05.05"]
[Round "9"]
[White "Suder, Jakub"]
[Black "Wasik, Mateusz"]
[Result "1/2-1/2"]
[Board "9"]
[WhiteElo "1895"]
[WhiteCountry "POL"]
[WhiteFideId "1195310"]
[WhiteEloChange "-7"]
[BlackElo "1624"]
[BlackCountry "POL"]
[BlackFideId "21867666"]
[BlackEloChange "7"]

1. d4 {[%clk 1:30:57]} d5 {[%clk 1:30:39]} 2. c4 {[%clk 1:31:22]} e6 {[%clk
1:30:59]} 3. Nc3 {[%clk 1:31:46]} c6 {[%clk 1:31:13]} 4. Nf3 {[%clk 1:32:02]}
dxc4 {[%clk 1:31:34]} 5. a4 {[%clk 1:31:24]} Bb4 {[%clk 1:31:38]} 6. e3 {[%clk
1:30:05]} b5 {[%clk 1:31:26]} 7. Be2 {[%clk 1:28:01]} Nf6 {[%clk 1:28:01]} 8. O-O
{[%clk 1:28:12]} Bxc3 {[%clk 1:26:49]} 9. bxc3 {[%clk 1:28:40]} O-O {[%clk
1:26:19]} 10. Qc2 {[%clk 1:27:19]} Bb7 {[%clk 1:24:46]} 11. e4 {[%clk 1:25:48]}
h6 {[%clk 1:22:05]} 12. Nd2 {[%clk 1:22:39]} Nbd7 {[%clk 1:21:44]} 13. e5 {[%clk
1:22:00]} Nd5 {[%clk 1:21:28]} 14. Ne4 {[%clk 1:21:56]} a5 {[%clk 1:21:08]} 15.
Rb1 {[%clk 1:14:31]} Ba6 {[%clk 1:20:41]} 16. Ba3 {[%clk 1:13:58]} b4 {[%clk
1:15:17]} 17. cxb4 {[%clk 1:13:19]} axb4 {[%clk 1:15:32]} 18. Bxb4 {[%clk
1:13:29]} Nxb4 {[%clk 1:15:51]} 19. Rxb4 {[%clk 1:13:53]} Nb6 {[%clk 1:02:26]}
20. Rd1 {[%clk 1:09:40]} Nd5 {[%clk 0:57:24]} 21. Rbb1 {[%clk 1:09:39]} Qa5
{[%clk 0:56:44]} 22. Bxc4 {[%clk 1:05:30]} Bxc4 {[%clk 0:56:23]} 23. Qxc4 {[%clk
1:05:53]} Qxa4 {[%clk 0:55:51]} 24. Rbc1 {[%clk 1:05:05]} Rfc8 {[%clk 0:55:04]}
25. Nd6 {[%clk 1:03:19]} Rc7 {[%clk 0:54:37]} 26. g3 {[%clk 1:02:39]} Qa3 {[%clk
0:53:05]} 27. Qd3 {[%clk 1:00:49]} Qb4 {[%clk 0:49:29]} 28. Rb1 {[%clk 0:58:09]}
Qa5 {[%clk 0:49:10]} 29. Rbc1 {[%clk 0:57:48]} Qb4 {[%clk 0:45:37]} 30. Rb1
{[%clk 0:58:04]} Qa5 {[%clk 0:44:35]} 31. Rbc1 {[%clk 0:57:59]} 1/2-1/2